01500nam a22003614a 4500001001200000003000800012006001900020007001500039008004100054010001700095020003500112040002100147035002100168043001200189050002400201082002000225100003100245245016400276260010000440300004500540490001800585504006000603533015200663610003500815650003500850655002900885700002400914700002100938710001700959830001900976856012600995999001701121ebr10354431CaPaEBRm u cr cn|||||||||060414s2006 iauab sb 001 0 eng  z 2006045627 z0877459908 (pbk. : alk. paper) aCaPaEBRcCaPaEBR a(OCoLC)297117598 an-us-ia14aLD2569b.S36 2006eb04a378.777/6552221 aScott, John Beldon,d1946-14aThe University of Iowa guide to campus architectureh[electronic resource] /cJohn Beldon Scott and Rodney P. Lehnertz ; with the assistance of Caroline Casey. aIowa City :bPublished for the Office of the President by the University of Iowa Press,cc2006. axxvii, 262 p. :bill. (some col.), maps.1 aBur Oak guide aIncludes bibliographical references (p. 255) and index. aElectronic reproduction.bPalo Alto, Calif. :cebrary,d2013.nAvailable via World Wide Web.nAccess may be limited to ebrary affiliated libraries.20aUniversity of IowaxBuildings. 0aArchitecturezIowazIowa City. 7aElectronic books.2local1 aLehnertz, Rodney P.1 aCasey, Caroline.2 aebrary, Inc. 0aBur Oak guide.40uhttp://site.ebrary.com/lib/rucke/Doc?id=10354431zAn electronic book accessible through the World Wide Web; click to view c44678d44678